| 000 | 00669nam a2200253Ia 4500 | ||
|---|---|---|---|
| 003 | OSt | ||
| 005 | 20220918174506.0 | ||
| 006 | a|||||r|||| 00| 0 | ||
| 007 | ta | ||
| 008 | 220917b |||||||| |||| 00| 0 eng d | ||
| 024 | _a12,403 | ||
| 037 | _cTextual | ||
| 040 |
_aARTS _cARTS _beng |
||
| 041 |
_2eng _aeng |
||
| 082 | _aR65,5x1,1, L7 | ||
| 100 |
_aSankaracarya _950646 |
||
| 245 | 0 | _aBrahma-sutra-bhasya tr by Gambhirananda | |
| 250 | _a3rd | ||
| 260 |
_aCalcutta _bAdvaita Ashrama _c1977 |
||
| 300 |
_a920p. _ccm. |
||
| 650 |
_aVEDANTA PHILOSOPHY _92484 |
||
| 942 |
_hR65,5x1,1, L7 _cTEXL _2CC |
||
| 999 |
_c153357 _d153357 |
||